La proteccin̤ legal de la suficiencia del salario

Detalles Bibliográficos
Autor principal: Valle Villar, Jos ̌Manuel del
Formato: Desconocido
Lenguaje:español
Publicado: Madrid : Dykinson, 2002
Materias:
Acceso en línea:Acceso restringido

MARC

LEADER 00000ny a22000003n 4500
005 20110531144918.0
008 030117s2002 sp s 000 0 spa c
017 |a D.L. SE.807-2002 
020 |a 8481558575 
035 |a 180 
040 |a UMA.RE  |d vLex 
040 |a UMA.RLB  |d vLex 
080 |a 349.232(460) 
090 |c 390  |d 390 
100 1 |a Valle Villar, Jos ̌Manuel del 
245 1 3 |a La proteccin̤ legal de la suficiencia del salario  |h [Recurso electrn̤ico]  |c Jos ̌Manuel del Valle 
256 |a Servicio en ln̕ea 
260 |a Madrid :  |b Dykinson,  |c 2002 
300 |a 282 p. ;  |c 22 cm 
500 |a En la port.: Premio Fundacin̤ Doctor Couder y Moratilla 2000 de la Real Academia de Jurisprudencia y Legislacin̤ 
504 |a Bibliogr.: p. [273]-282 
506 1 |a Contenido solo disponible en los productos indicados  |d vLex Global  |d vLex Global (Academic Edition, excluding Law Schools)  |d vLex Global (U.S. Academic Edition, Law Schools)  |d vLex Global (U.S. Academic Edition, excluding Law Schools)  |d vLex Global (Academic Edition, Law Schools) 
650 0 7 |a Salario  |2 Tesauro vLex 
650 0 7 |a Laboral  |2 Tesauro vLex 
740 0 |a vLex Libros (Servicios en ln̕ea) 
856 4 0 |u http://vlex.com/source/180  |z Acceso restringido 
942 |c BOOK 
999 0 |a Wages  |b Madrid